[Event "AUT-ch Eisenbahner"]
[Site "Wels"]
[Date "2009.05.21"]
[Round "1.5"]
[White "Vallant, Martin"]
[Black "Hoebarth, Guenter"]
[Result "1-0"]
[WhiteElo "1926"]
[BlackElo "2041"]
[PlyCount "131"]
[EventDate "2009.05.21"]
[EventType "swiss"]
[EventRounds "3"]
[EventCountry "AUT"]
[SourceTitle "EXT 2024"]
[Source "ChessBase"]
[SourceDate "2023.10.10"]
[SourceVersion "1"]
[SourceVersionDate "2023.10.10"]
[SourceQuality "1"]

1. e4 e5 2. Nf3 Nc6 3. Bb5 Nge7 4. 0-0 g6 5. Re1 Bg7 6. c3 0-0 7. d4 exd4 8. cxd4 d5 9. e5 a6 10. Bxc6 Nxc6 11. Bf4 Bg4 12. Re3 Ne7 13. h3 Be6 14. Nbd2 Nf5 15. Rc3 Qd7 16. Rac1 c6 17. Nb3 Rae8 18. Nc5 Qe7 19. Rb3 Bc8 20. Qd2 f6 21. Re1 fxe5 22. Nxe5 Nxd4 23. Qxd4 Rxf4 24. Qxf4 Bxe5 25. Rbe3 Bxf4 26. Rxe7 Rf8 27. Ne6 Bxe6 28. R1xe6 Rf7 29. Kf1 Bc1 30. Rxf7 Kxf7 31. Re1 Bd2 32. Re2 Bb4 33. a3 Bd6 34. f4 a5 35. Kf2 Bxf4 36. Kf3 Bd6 37. Kg4 Be7 38. Kf4 Bf6 39. g4 h6 40. a4 c5 41. b3 b6 42. Kf3 Bd4 43. Kf4 Bc3 44. h4 Bf6 45. h5 Bg5+ 46. Ke5 d4 47. Rf2+ Kg7 48. Ke4 Be3 49. Rf3 g5 50. Rf5 Bf4 51. Kd3 Bc7 52. Kc4 Bf4 53. Rd5 Kf6 54. Rd7 Ke5 55. Re7+ Kf6 56. Rh7 Ke5 57. Rxh6 Ke4 58. Re6+ Kf3 59. h6 Kxg4 60. h7 Kf5 61. Kd5 d3 62. h8Q d2 63. Qh3+ g4 64. Qh7+ Kg5 65. Rg6+ Kf5 66. Qf7# 1-0